Eine Zahl mehr - Sudden Death - Statistiken

Allgemein
  • Dieses Quiz wurde 633 mal gespielt
  • Das Durchschnittsergebnis liegt bei 6 aus 14
Answers on the Grid
Answers color-coded by a green-red scale on the quiz's grid according to % correct below.
1
14
242
1456
2423
1349
142
1427
14276
46275
15287
34561
3429
142769
1437693
45924
142769758
14276975
1427697
14496972
874296561
1427697583
14276975834
148768758041
4723191421834
1098527488142
14582493592741
142769758346
1427697583462
14276975834629
 
Antwortstatistiken
Antwort % Korrekt
1
98%
14
85%
142
61%
1427
55%
14276
54%
142769
54%
1427697
46%
14276975
40%
142769758
34%
1427697583
31%
14276975834
26%
142769758346
21%
1427697583462
17%
14276975834629
16%
Keine übereinstimmenden Quizze gefunden
Verteilung der Resultate
Anzahl Personen mit jedem Resultat
Perzentil nach korrekt beantworteten Fragen
Ihre Resultats-Entwicklung
Sie haben dieses Quiz noch nicht gespielt